|
|
|
|
| LEADER |
01239nam a2200253 a 4500 |
| 001 |
1869833 |
| 008 |
090519s1982 caua 001 0 eng d |
| 010 |
|
|
|a \\\82188809
|
| 040 |
|
|
|a DLC
|c DLC
|d DLC
|
| 082 |
0 |
0 |
|a 610/.7
|2 19
|
| 100 |
1 |
|
|a Werner, David,
|d 1934-
|
| 245 |
1 |
0 |
|a Helping health workers learn :
|b a book of methods, aids, and ideas for instructors at the village level /
|c David Werner and Bill Bower ; drawings by David Werner ... [et al.].
|
| 250 |
|
|
|a 1st ed.
|
| 260 |
|
|
|a Palo Alto, Calif. (P.O. Box 1692, Palo Alto 94302) :
|b Hesperian Foundation,
|c 1982.
|
| 300 |
|
|
|a 1 v. (various pagings) :
|b ill. ;
|c 26 cm.
|
| 500 |
|
|
|a Includes index.
|
| 541 |
1 |
|
|e 00000644
|
| 650 |
|
0 |
|a Medicine, Rural
|x Study and teaching.
|
| 650 |
|
0 |
|a Health education.
|
| 700 |
1 |
|
|a Bower, Bill.
|
| 852 |
4 |
|
|a Ayesha Abed Library
|j Generalshelf
|
| 999 |
|
|
|c 861
|d 861
|
| 952 |
|
|
|0 0
|1 0
|2 ddc
|4 0
|6 610_700000000000000_WER_1982
|7 0
|9 800
|a BRACUL
|b BRACUL
|c GEN
|d 2009-05-19
|g 0.00
|l 0
|o 610.7 WER
|p 3010000644
|r 2009-05-19
|t 1
|w 2009-05-19
|y BK
|x No price found in the accession register.
|
| 952 |
|
|
|0 0
|1 0
|2 ddc
|4 0
|6 610_700000000000000_WER_1982
|7 0
|9 11574
|a BRACUL
|b BRACUL
|c CHILD
|d 2010-07-07
|g 0.00
|l 0
|o 610.7 WER
|p 3010002835
|r 2010-07-07
|t 2
|w 2010-07-07
|y BK
|z Not price in Register
|